| 000 | 00652nam a22001937a 4500 | ||
|---|---|---|---|
| 005 | 20170421151927.0 | ||
| 010 | _aENG-117924 | ||
| 020 |
_c995.00 _a9789351868286 |
||
| 035 | _aEN-101456 | ||
| 037 | _bDBAD/PUB | ||
| 100 | _aNayak,Keyurkumar M. | ||
| 245 |
_aPrinciples of management / _cby Keyurkumar M. Nayak [and] Shyamsunder S. Singh |
||
| 260 |
_aNew Delhi _bAnmol Publications _c2014 |
||
| 270 |
_a4360/4,Ansari Road,Daryaganj, _bNew Delhi (India) _e110002 |
||
| 300 |
_aix,191p.; _c23cm(Hb) _bill. |
||
| 500 | _aIncludes bibliographical reference and index | ||
| 700 | _aShyamsunder S. Singh | ||
| 942 |
_2ddc _cEN _h658 _mNAY |
||
| 999 |
_c139201 _d139201 |
||